Missing Word: Medical Shows Quiz Stats

 Plays Quiz Updated Jun 13, 2017

Support Sporcle.
Go Orange.
Score 0/20 Timer 02:00
0 Plays Today
Medical TV Show Missing Word % Correct
Grey's ___Anatomy
96.9%
General ___Hospital
95.3%
Nip/___Tuck
94.2%
Private ___Practice
75.2%
___ Howser, M.D.Doogie
72.4%
Dr. ___, Medicine WomanQuinn
68.5%
___ JackieNurse
68.1%
___ ElsewhereSt.
66.9%
Diagnosis ___Murder
65.5%
___ ExposureNorthern
58%
Medical TV Show Missing Word % Correct
___ CallsHouse
56.4%
Royal ___Pains
51.5%
Strong ___Medicine
42.4%
Trapper ___, M.D.John
40.2%
___ HopeChicago
38.2%
Marcus ___, M.D.Welby
34.5%
___ CenterMedical
30.8%
___, M.E.Quincy
22.8%
___ WatchThird
22.3%
___ CaseyBen
21.7%

Today's Daily Dose

You're not logged in!

Compare scores with friends on all Sporcle quizzes.
OR
Log In
Forgot?

From the Vault

English Premier League: True or False

by bazmerelda

You have a fifty-fifty chance of scoring in this English Premier League quiz.
Remove Ads.
Support Sporcle.
Get the best of Sporcle when you Go Orange. This ad-free experience offers more features, more stats, and more fun while also helping to support Sporcle. Thank you for becoming a member.

Show Comments

Extras

Top Quizzes Today


Score Distribution

Your Account Isn't Verified!

In order to create a playlist on Sporcle, you need to verify the email address you used during registration. Go to your Sporcle Settings to finish the process.

Report this User

Report this user for behavior that violates our Community Guidelines.

Details: